[Event "PERLA BALTYKU"]
[Site "Lazy"]
[Date "2013.07.06"]
[Round "7.6"]
[White "Kanarek, Marcel"]
[Black "Eggink, Ryszard"]
[Result "1-0"]
[WhiteElo "2478"]
[BlackElo "2121"]
[PlyCount "63"]
[EventDate "2013.??.??"]

1. e4 c5 2. Nf3 d6 3. d4 cxd4 4. Nxd4 Nf6 5. Nc3 a6 6. Bg5 Nbd7 7. Qe2 e6 8.
O-O-O Be7 9. f4 Qc7 10. g4 b5 11. a3 Bb7 12. Bg2 Rc8 13. Bxf6 Nxf6 14. g5 Nd7
15. h4 Nb6 16. f5 e5 17. Nb3 Nc4 18. Rh3 Qb6 19. Nd2 h6 20. Nxc4 Rxc4 21. f6
gxf6 22. gxf6 Bxf6 23. Rf1 Bd8 24. Bf3 Rg8 25. Bh5 Rc7 26. Qh2 Kd7 27. Bxf7 Rg7
28. Rg3 Rxg3 29. Qxg3 Kc8 30. Bd5 Bc6 31. Rf8 Re7 32. Qg8 1-0

[Event "PERLA BALTYKU"]
[Site "Lazy"]
[Date "2013.07.06"]
[Round "7.7"]
[White "Nowak, Ryszard"]
[Black "Chojnacki, Krzysztof"]
[Result "0-1"]
[WhiteElo "2010"]
[BlackElo "2442"]
[PlyCount "54"]
[EventDate "2013.??.??"]

1. c4 Nf6 2. Nc3 g6 3. g3 Bg7 4. Bg2 O-O 5. Nf3 d6 6. O-O Nc6 7. d4 a6 8. e4
Bg4 9. h3 Bxf3 10. Bxf3 Nd7 11. Be3 e5 12. d5 Nd4 13. Bg2 c5 14. dxc6 bxc6 15.
Qd2 Qa5 16. Rad1 Rab8 17. b3 Qxc3 18. Qxc3 Ne2+ 19. Kh2 Nxc3 20. Rxd6 Nf6 21.
Rxc6 Nxa2 22. Bg5 Nb4 23. Rxf6 h6 24. Bh4 g5 25. Bxg5 hxg5 26. Rf5 f6 27. f4
Nc2 0-1

[Event "PERLA BALTYKU"]
[Site "Lazy"]
[Date "2013.07.06"]
[Round "7.8"]
[White "Majdan-Gajewska, Joanna"]
[Black "Kovalev, Egor"]
[Result "1-0"]
[WhiteElo "2375"]
[BlackElo "2099"]
[PlyCount "71"]
[EventDate "2013.??.??"]

1. e4 c5 2. Nf3 Nc6 3. d4 cxd4 4. Nxd4 Qc7 5. Nc3 e6 6. Be2 a6 7. O-O Nf6 8.
Be3 Be7 9. f4 d6 10. Qe1 O-O 11. Qg3 Nxd4 12. Bxd4 b5 13. a3 Bb7 14. Rae1 Rad8
15. Kh1 Rd7 16. Bd3 Kh8 17. Nd1 Bc6 18. Nf2 Nh5 19. Qg4 Nf6 20. Qh3 e5 21. Bc3
Rdd8 22. fxe5 dxe5 23. Qg3 Bd6 24. Nh3 Qe7 25. Rf5 Bd7 26. Rg5 Rde8 27. Qe3 h6
28. Rg3 Nh5 29. Rf3 Bc5 30. Qd2 Bg4 31. Rff1 Qh4 32. Be2 Bxh3 33. Bxh5 Qxh5 34.
gxh3 Qxh3 35. Qd5 Be3 36. Qd3 1-0

[Event "PERLA BALTYKU"]
[Site "Lazy"]
[Date "2013.07.06"]
[Round "7.10"]
[White "Poswiatowski, Michal"]
[Black "Jarmula, Pawel"]
[Result "1/2-1/2"]
[WhiteElo "2067"]
[BlackElo "2174"]
[PlyCount "33"]
[EventDate "2013.??.??"]

1. e4 c5 2. Nf3 d6 3. d4 cxd4 4. Nxd4 Nf6 5. Nc3 a6 6. Bg5 e6 7. f4 h6 8. Bh4
Qb6 9. Qd2 Qxb2 10. Rb1 Qa3 11. f5 b5 12. fxe6 fxe6 13. Bd3 Be7 14. O-O O-O 15.
Kh1 Qc5 16. Bf2 Qh5 17. a4 1/2-1/2

[Event "PERLA BALTYKU"]
[Site "Lazy"]
[Date "2013.07.06"]
[Round "7.11"]
[White "Suliborski, Jakub"]
[Black "Jacek, Krystian"]
[Result "0-1"]
[WhiteElo "2007"]
[BlackElo "2139"]
[PlyCount "70"]
[EventDate "2013.??.??"]

1. d4 Nf6 2. Nc3 c5 3. d5 d6 4. e4 g6 5. Bg5 Bg7 6. Qd2 h6 7. Bh4 a6 8. a4 Qa5
9. Ra3 g5 10. Bg3 Nbd7 11. Be2 Nf8 12. Nf3 Ng6 13. O-O Nh5 14. Nd1 Qc7 15. b4
Nhf4 16. e5 cxb4 17. exd6 Qxd6 18. Re3 Qxd5 19. Qxb4 Be6 20. Bd3 Nxd3 21. Rxd3
Qc4 22. Qxb7 O-O 23. Qb3 Qc8 24. Qa3 Bc4 25. Ne3 Bxd3 26. cxd3 Qc3 27. Qxc3
Bxc3 28. Nd5 Bg7 29. h4 Rad8 30. Nb4 g4 31. Ne1 h5 32. Nxa6 Ra8 33. Nc5 Rfc8
34. Nd7 Bd4 35. Bh2 Ra7 0-1

[Event "PERLA BALTYKU"]
[Site "Lazy"]
[Date "2013.07.06"]
[Round "7.12"]
[White "Kowalski, Maciej"]
[Black "Bednarska-Bzdega, Malgorzata"]
[Result "1/2-1/2"]
[WhiteElo "1908"]
[BlackElo "2115"]
[PlyCount "49"]
[EventDate "2013.??.??"]

1. d4 Nf6 2. c4 g6 3. Nc3 d5 4. cxd5 Nxd5 5. e4 Nxc3 6. bxc3 Bg7 7. Nf3 c5 8.
Rb1 Nc6 9. d5 Ne5 10. Nxe5 Bxe5 11. Qd2 O-O 12. f4 Bg7 13. Be2 Qa5 14. Rb3 Bd7
15. c4 Qxd2+ 16. Kxd2 b6 17. Bb2 Bxb2 18. Rxb2 e5 19. g4 exf4 20. Bf3 f6 21.
Kd3 Rae8 22. h4 Re5 23. h5 g5 24. Rb3 Rf7 25. Rc1 1/2-1/2

[Event "PERLA BALTYKU"]
[Site "Lazy"]
[Date "2013.07.06"]
[Round "7.13"]
[White "Adamowicz, Katarzyna"]
[Black "Mazalon, Mariusz"]
[Result "1-0"]
[WhiteElo "2104"]
[BlackElo "2029"]
[PlyCount "61"]
[EventDate "2013.??.??"]

1. e4 c5 2. Nf3 a6 3. c4 d6 4. d4 Bg4 5. Be3 cxd4 6. Bxd4 Nc6 7. Bc3 Nf6 8.
Nbd2 e6 9. Be2 Be7 10. O-O O-O 11. Nd4 Bxe2 12. Qxe2 Nxd4 13. Bxd4 e5 14. Be3
b5 15. Rfd1 Qb8 16. f3 Bd8 17. Qf2 Nd7 18. Rac1 Bb6 19. Bxb6 Nxb6 20. b3 Nd7
21. Nf1 f5 22. exf5 Rxf5 23. Ng3 Rf6 24. Ne4 Rh6 25. Qd2 Qa7+ 26. Kh1 bxc4 27.
Qd5+ Kf8 28. Nxd6 Nb6 29. Qxe5 cxb3 30. Nf5 Rf6 31. Rc7 1-0

[Event "PERLA BALTYKU"]
[Site "Lazy"]
[Date "2013.07.06"]
[Round "7.14"]
[White "Pietruszewski, Marcin"]
[Black "Janik, Igor"]
[Result "1/2-1/2"]
[WhiteElo "2099"]
[BlackElo "1930"]
[PlyCount "94"]
[EventDate "2013.??.??"]

1. e4 c5 2. Nf3 d6 3. d4 cxd4 4. Nxd4 Nf6 5. Nc3 g6 6. Bc4 Bg7 7. h3 O-O 8. Bb3
Nc6 9. Be3 Bd7 10. O-O Nxd4 11. Bxd4 Bc6 12. Qd3 Qa5 13. Rfe1 e5 14. Be3 Rad8
15. Bg5 h6 16. Bxf6 Bxf6 17. a4 a6 18. Nd5 Bxd5 19. Bxd5 Rd7 20. Reb1 Kg7 21.
b4 Qc7 22. a5 Bg5 23. b5 f5 24. bxa6 fxe4 25. Bxe4 bxa6 26. Rb7 Qc8 27. Rab1
Rff7 28. Qxa6 Qc5 29. Rxd7 Qxf2+ 30. Kh1 Rxd7 31. Qb6 Be3 32. Qb3 Rf7 33. a6 g5
34. Qe6 Qf6 35. Qxf6+ Kxf6 36. Rf1+ Ke7 37. Rxf7+ Kxf7 38. g4 Ke6 39. c4 Kd7
40. Kg2 Kc7 41. Bb7 Ba7 42. Kf3 Kb6 43. Ke4 Kc5 44. Kd3 Bb8 45. Bd5 Kb6 46. Bb7
Kc5 47. Bd5 Kb6 1/2-1/2

[Event "PERLA BALTYKU"]
[Site "Lazy"]
[Date "2013.07.06"]
[Round "7.15"]
[White "Smal, Tobiasz"]
[Black "Stankiewicz, Pawel"]
[Result "0-1"]
[WhiteElo "1893"]
[BlackElo "2070"]
[PlyCount "74"]
[EventDate "2013.??.??"]

1. e4 e6 2. d4 d5 3. Nc3 Bb4 4. Nge2 Nf6 5. Bg5 h6 6. Bxf6 Qxf6 7. a3 Ba5 8.
exd5 O-O 9. Qd3 Rd8 10. g3 exd5 11. Bg2 c6 12. O-O Bf5 13. Qd2 Nd7 14. b4 Bc7
15. Nd1 Nf8 16. Ne3 Bh7 17. f4 Re8 18. Rae1 a5 19. Nc1 axb4 20. axb4 Nd7 21.
Nd3 Qxd4 22. Kh1 Nf6 23. Nd1 Ne4 24. Qe3 Qxe3 25. Nxe3 Bb6 26. Ng4 Ra2 27. Rc1
Bf5 28. Nge5 f6 29. Nf3 Nc3 30. Nh4 Be4 31. Bxe4 dxe4 32. Nc5 Bxc5 33. bxc5 Ra5
34. Nf5 Rxc5 35. Nd6 Re7 36. Rfe1 f5 37. Re3 g6 0-1

[Event "PERLA BALTYKU"]
[Site "Lazy"]
[Date "2013.07.06"]
[Round "7.16"]
[White "Krainski, Slawomir"]
[Black "Jacek, Roksana"]
[Result "1/2-1/2"]
[WhiteElo "2035"]
[BlackElo "1835"]
[PlyCount "92"]
[EventDate "2013.??.??"]

1. e4 e5 2. Nf3 Nc6 3. Bb5 a6 4. Ba4 Nf6 5. O-O Be7 6. Re1 b5 7. Bb3 O-O 8. a4
Bb7 9. d3 d6 10. Nbd2 Nb8 11. axb5 axb5 12. Rxa8 Bxa8 13. Nf1 Nbd7 14. c3 Nc5
15. Bc2 Re8 16. Ng3 g6 17. d4 Ncd7 18. d5 c6 19. dxc6 Bxc6 20. h3 Qc7 21. Bh6
Bf8 22. Qd2 d5 23. Bxf8 Nxf8 24. Bb3 Nxe4 25. Nxe4 dxe4 26. Ng5 Re7 27. Nxe4
Bxe4 28. Rxe4 Ne6 29. Bxe6 Rxe6 30. Qe2 Qc5 31. Rb4 Rb6 32. Qe3 Qd6 33. Re4
Qd1+ 34. Kh2 Qd6 35. Kg1 Ra6 36. f4 Ra1+ 37. Kh2 exf4 38. Qxf4 Qxf4+ 39. Rxf4
Re1 40. Rb4 Re5 41. Kg3 Kg7 42. Kf4 Kf6 43. g4 h5 44. b3 hxg4 45. hxg4 g5+ 46.
Kf3 Kg6 1/2-1/2

[Event "PERLA BALTYKU"]
[Site "Lazy"]
[Date "2013.07.06"]
[Round "7.17"]
[White "Karwowski, Kacper"]
[Black "Betkowski, Andrzej"]
[Result "0-1"]
[WhiteElo "1930"]
[BlackElo "2066"]
[PlyCount "108"]
[EventDate "2013.??.??"]

1. e4 e6 2. d4 d5 3. Nd2 a6 4. Ngf3 Nf6 5. Bd3 c5 6. exd5 exd5 7. dxc5 Bxc5 8.
Nb3 Bb6 9. Qe2+ Qe7 10. Qxe7+ Kxe7 11. O-O Re8 12. Re1+ Be6 13. Nfd4 Nc6 14.
Nxc6+ bxc6 15. Be3 Bxe3 16. Rxe3 Kd6 17. Na5 c5 18. Rd1 Kc7 19. c4 d4 20. Re2
Bg4 21. Rxe8 Rxe8 22. f3 Bd7 23. a3 Ba4 24. Rd2 Re3 25. Kf2 Nd7 26. Be4 Kb6 27.
b4 Nf6 28. bxc5+ Kxa5 29. Rxd4 Rxa3 30. Bb7 Kb4 31. Rd6 Kxc5 32. Rxa6 Ra2+ 33.
Kg3 Kxc4 34. Bc8 Bb3 35. Rc6+ Kb5 36. Rc7 Bd5 37. Kh3 Kb6 38. Re7 Ra8 39. Bf5
g6 40. Bd3 Re8 41. Rxe8 Nxe8 42. Kg4 h6 43. h4 Kc5 44. Kf4 Kd4 45. Bb1 Ng7 46.
g4 Ne6+ 47. Kg3 Ke3 48. g5 hxg5 49. hxg5 Nxg5 50. f4 Ne4+ 51. Kg4 Be6+ 52. Kh4
Kxf4 53. Bc2 Bg4 54. Bxe4 g5# 0-1

[Event "PERLA BALTYKU"]
[Site "Lazy"]
[Date "2013.07.06"]
[Round "7.18"]
[White "Januszkiewicz, Wojciech"]
[Black "Kaczorowski, Piotr"]
[Result "0-1"]
[WhiteElo "1830"]
[BlackElo "2058"]
[PlyCount "112"]
[EventDate "2013.??.??"]

1. e4 c5 2. Nf3 g6 3. d4 cxd4 4. Nxd4 Bg7 5. Be3 Nf6 6. Nc3 Nc6 7. Bc4 Qa5 8.
O-O O-O 9. Bb3 d6 10. f3 Nxd4 11. Bxd4 Be6 12. Bxe6 fxe6 13. Qe2 Nd7 14. Bxg7
Kxg7 15. Kh1 Rac8 16. f4 Qb4 17. Rab1 Qc4 18. Qd3 a6 19. Rf3 Qc5 20. Qd2 b5 21.
Rbf1 b4 22. Ne2 e5 23. c3 Qc4 24. Rh3 Qxe4 25. Ng3 bxc3 26. bxc3 Rxf4 27. Re1
Rcf8 28. Rg1 Qc4 29. Ne2 Rh4 30. Rxh4 Qxh4 31. Ng3 Nc5 32. Qd5 Rf2 33. Re1 Qf4
34. Qd1 Rd2 35. Qb1 h5 36. Rf1 Rf2 37. Rxf2 Qxf2 38. Nf1 h4 39. h3 e4 40. Nh2
Nd3 41. Ng4 Qe1+ 42. Qxe1 Nxe1 43. Kg1 Nd3 44. Kf1 Kf7 45. a3 Nb2 46. Ne3 Ke6
47. Ke2 d5 48. Nc2 Ke5 49. Ne1 Nc4 50. Nc2 Kf4 51. Kf2 a5 52. Nd4 Nxa3 53. Nc6
a4 54. Nxe7 e3+ 55. Ke2 Ke4 56. Nc6 Nb1 0-1

[Event "PERLA BALTYKU"]
[Site "Lazy"]
[Date "2013.07.06"]
[Round "7.19"]
[White "Wasik, Piotr"]
[Black "Tselkovskiy, Kirill"]
[Result "0-1"]
[WhiteElo "1990"]
[BlackElo "2027"]
[PlyCount "78"]
[EventDate "2013.??.??"]

1. e4 c5 2. Nf3 d6 3. Bb5+ Nd7 4. d4 Ngf6 5. Nc3 cxd4 6. Qxd4 e5 7. Qd3 h6 8.
Nd5 a6 9. Bxd7+ Bxd7 10. O-O Nxd5 11. Qxd5 Bc6 12. Qd3 Be7 13. Rd1 Qc7 14. b3
O-O 15. c4 f5 16. Nd2 f4 17. Ba3 Kh8 18. b4 Be8 19. Rac1 a5 20. Nb1 Bh5 21. Rd2
f3 22. bxa5 Rf6 23. Nc3 Qxa5 24. Nb5 Rg6 25. g3 Bg5 26. Rdd1 Bxc1 27. Rxc1 Rf6
28. Bxd6 Qxa2 29. Bxe5 Rff8 30. Nc7 Rad8 31. Qc3 Rf7 32. Ne6 Rdd7 33. Nf4 Rd2
34. Bd4 Rd7 35. Nd5 Bg4 36. h3 Bxh3 37. Be3 Rb2 38. Bxh6 Rxf2 39. Nb4 Rg2+ 0-1

[Event "PERLA BALTYKU"]
[Site "Lazy"]
[Date "2013.07.06"]
[Round "7.20"]
[White "Galaktionov, Artem"]
[Black "Malaczek, Mateusz"]
[Result "1-0"]
[WhiteElo "1943"]
[BlackElo "1849"]
[PlyCount "33"]
[EventDate "2013.??.??"]

1. e4 c5 2. Nf3 g6 3. d4 Bg7 4. c3 cxd4 5. cxd4 d5 6. e5 Nh6 7. Nc3 O-O 8. Qb3
e6 9. Bg5 Qa5 10. Qc2 Nc6 11. Qd2 Nf5 12. g4 Nfe7 13. Bf6 Bd7 14. h4 Kh8 15.
Qh6 Bxf6 16. exf6 Rg8 17. Ng5 1-0

[Event "PERLA BALTYKU"]
[Site "Lazy"]
[Date "2013.07.06"]
[Round "7.21"]
[White "Ivanova, Karina"]
[Black "Szewczyk, Mariusz"]
[Result "1-0"]
[WhiteElo "2014"]
[BlackElo "2047"]
[PlyCount "103"]
[EventDate "2013.??.??"]

1. d4 Nf6 2. Nf3 e6 3. c4 Bb4+ 4. Bd2 Bxd2+ 5. Nbxd2 d5 6. g3 b6 7. cxd5 Nxd5
8. Bg2 Bb7 9. O-O O-O 10. Ne5 Nd7 11. Ndc4 Nxe5 12. Nxe5 f6 13. Nd3 a5 14. a3
Rc8 15. e4 Ne7 16. Nf4 Ba6 17. Nxe6 Qd6 18. Nxf8 Bxf1 19. Qxf1 Kxf8 20. Qc4 Rd8
21. d5 c6 22. dxc6 Nxc6 23. Qd5 Qxd5 24. exd5 Ne5 25. f4 Nc4 26. b4 Ne3 27. Be4
f5 28. Bf3 Rc8 29. Re1 Rc3 30. d6 Rxa3 31. d7 Ke7 32. Kf2 Kxd7 33. Rxe3 axb4
34. Rxa3 bxa3 35. Bd5 Kd6 36. Ba2 Kc5 37. Ke3 b5 38. Kd3 b4 39. Bb3 h6 40. h4
Kd6 41. Kc4 Kc6 42. Kxb4 Kd6 43. Kc4 Kc6 44. Kd4 Kd6 45. Ba2 g6 46. Bg8 Ke7 47.
Ke5 Kf8 48. Ba2 Kg7 49. h5 gxh5 50. Kxf5 Kh7 51. Kf6 h4 52. Bb1+ 1-0

[Event "PERLA BALTYKU"]
[Site "Lazy"]
[Date "2013.07.06"]
[Round "7.22"]
[White "Smieszek, Wojciech"]
[Black "Prazmowski, Bartosz"]
[Result "0-1"]
[WhiteElo "1843"]
[BlackElo "2025"]
[PlyCount "128"]
[EventDate "2013.??.??"]

1. e4 c5 2. Nf3 d6 3. d4 cxd4 4. Nxd4 Nf6 5. Nc3 a6 6. Be3 Nbd7 7. Be2 e6 8. g4
h6 9. h4 b5 10. a3 Bb7 11. f3 Be7 12. Rg1 Rc8 13. g5 hxg5 14. hxg5 Nh5 15. f4
g6 16. f5 Nc5 17. fxg6 fxg6 18. b4 Nxe4 19. Nxe4 Bxe4 20. Nxe6 Qd7 21. Qd4 Qxe6
22. Qxh8+ Kd7 23. Qd4 Bxc2 24. Rc1 Ng7 25. Bg4 Bf5 26. Rxc8 Kxc8 27. Bf3 Qb3
28. Kf2 Ne6 29. Rc1+ Kd8 30. Qh8+ Nf8 31. Bc6 Bd7 32. Bxd7 Kxd7 33. Qd4 Ne6 34.
Qa7+ Ke8 35. Qxa6 Qb2+ 36. Kg1 Qe5 37. Qa8+ Bd8 38. Qc6+ Ke7 39. Re1 Qg3+ 40.
Kf1 Qh3+ 41. Ke2 Qg4+ 42. Kd2 Qf5 43. Qc2 Qd5+ 44. Kc1 Kf7 45. Rf1+ Ke7 46. Rd1
Qe5 47. Qb3 Kd7 48. Rd5 Qg3 49. Qd3 Nc7 50. Rd4 Bxg5 51. Bxg5 Qxg5+ 52. Qd2 Qe5
53. Qd3 Qe1+ 54. Kb2 Qf2+ 55. Kb3 Qf7+ 56. Kc3 Qf6 57. Qh3+ Ne6 58. Qh7+ Kc6
59. Qh1+ Kb6 60. Qg1 g5 61. a4 bxa4 62. Kd3 Qxd4+ 63. Qxd4+ Nxd4 64. Kxd4 g4
0-1

[Event "PERLA BALTYKU"]
[Site "Lazy"]
[Date "2013.07.07"]
[Round "8.2"]
[White "Bugalski, Michal"]
[Black "Shishkin, Vadim"]
[Result "0-1"]
[WhiteElo "2161"]
[BlackElo "2502"]
[PlyCount "76"]
[EventDate "2013.??.??"]

1. c4 e5 2. Nc3 Nc6 3. Nf3 g6 4. g3 Bg7 5. Bg2 f5 6. d3 d6 7. O-O Nf6 8. Rb1 a5
9. a3 O-O 10. b4 axb4 11. axb4 h6 12. b5 Ne7 13. d4 e4 14. Nd2 d5 15. cxd5
Nexd5 16. Nxd5 Nxd5 17. e3 Be6 18. Qc2 Qe7 19. Nc4 Rfc8 20. f3 c5 21. fxe4 Nb4
22. Qe2 cxd4 23. Nb6 Rc2 24. Qf3 Raa2 25. Bh1 d3 26. exf5 gxf5 27. Qf4 Bf8 28.
Qe5 Qd6 29. Qf6 Qxb6 30. Rxb4 Bg7 31. Qg6 Rxc1 32. Rd4 Rxf1+ 33. Kxf1 Ra1+ 34.
Kf2 Rxh1 35. Rxd3 Rxh2+ 36. Kg1 Rc2 37. g4 Rg2+ 38. Kf1 Rxg4 0-1

[Event "PERLA BALTYKU"]
[Site "Lazy"]
[Date "2013.07.07"]
[Round "8.3"]
[White "Warakomski, Tomasz"]
[Black "Aliavdin, Nikolai"]
[Result "1-0"]
[WhiteElo "2488"]
[BlackElo "2349"]
[PlyCount "87"]
[EventDate "2013.??.??"]

1. e4 c5 2. Nf3 d6 3. d4 cxd4 4. Nxd4 Nf6 5. Nc3 a6 6. Be3 Ng4 7. Bg5 h6 8. Bh4
g5 9. Bg3 Bg7 10. h3 Ne5 11. f3 Nbc6 12. Bf2 Be6 13. h4 Nxd4 14. Bxd4 Qa5 15.
Qd2 Rc8 16. Rd1 Rg8 17. hxg5 hxg5 18. a3 Ng6 19. Bxg7 Rxg7 20. Nd5 Qxd2+ 21.
Rxd2 Bxd5 22. exd5 Kd7 23. Kf2 Ne5 24. Be2 Rgg8 25. c3 Rh8 26. Rdd1 Rxh1 27.
Rxh1 Rc5 28. Rd1 Nc4 29. Rd4 b5 30. b4 Rc8 31. Bxc4 bxc4 32. Rg4 f6 33. Re4 a5
34. Ke3 a4 35. Kd4 Rc7 36. Re1 Rc8 37. Rh1 g4 38. f4 e5+ 39. dxe6+ Kxe6 40.
Re1+ Kf5 41. g3 Rc7 42. Kd5 Rc8 43. Re7 Rh8 44. b5 1-0

[Event "PERLA BALTYKU"]
[Site "Lazy"]
[Date "2013.07.07"]
[Round "8.4"]
[White "Weichhold, Pawel"]
[Black "Kanarek, Marcel"]
[Result "1/2-1/2"]
[WhiteElo "2382"]
[BlackElo "2478"]
[PlyCount "45"]
[EventDate "2013.??.??"]

1. e4 c5 2. Nf3 Nc6 3. d4 cxd4 4. Nxd4 g6 5. c4 Nf6 6. Nc3 d6 7. Be2 Nxd4 8.
Qxd4 Bg7 9. Be3 O-O 10. Qd2 a5 11. O-O a4 12. f3 Qa5 13. Rab1 Be6 14. Rfc1 Rfc8
15. Nd5 Qxd2 16. Bxd2 Bxd5 17. cxd5 Nd7 18. Rxc8+ Rxc8 19. Rc1 Nc5 20. Rc2 Bd4+
21. Kf1 Ra8 22. Bb4 Kf8 23. Bb5 1/2-1/2

[Event "PERLA BALTYKU"]
[Site "Lazy"]
[Date "2013.07.07"]
[Round "8.5"]
[White "Chojnacki, Krzysztof"]
[Black "Majdan-Gajewska, Joanna"]
[Result "0-1"]
[WhiteElo "2442"]
[BlackElo "2375"]
[PlyCount "160"]
[EventDate "2013.??.??"]

1. d4 Nf6 2. c4 e6 3. Nc3 Bb4 4. Qc2 b6 5. e4 c5 6. dxc5 Bxc5 7. Bg5 Nc6 8. Nf3
h6 9. Bh4 g5 10. Bg3 g4 11. Ne5 Nd4 12. Qd1 Nh5 13. Nxg4 Nxg3 14. hxg3 a5 15.
Rxh6 Rxh6 16. Nxh6 Qg5 17. Ng4 Bb7 18. Ne3 Ke7 19. Qd2 Qh5 20. Nc2 Nxc2+ 21.
Qxc2 Rh8 22. Qe2 Qg5 23. Kd1 f5 24. exf5 Qxf5 25. f3 Rh1 26. g4 Qh7 27. Kd2 Bd6
28. Qd3 Qh4 29. Rd1 Qf2+ 30. Kc1 Bf4+ 31. Kb1 Bc6 32. Qe2 Qxe2 33. Bxe2 Rh2 34.
Bf1 d6 35. Kc2 Bxf3 36. Re1 Be5 37. Na4 Bxg2 38. Bxg2 Rxg2+ 39. Kd3 Rxg4 40. b3
Bd4 41. Rh1 e5 42. Rh7+ Ke6 43. Rb7 Rg3+ 44. Ke2 e4 45. Nxb6 Rg2+ 46. Kf1 Rf2+
47. Ke1 Rxa2 48. Nd5 Bf2+ 49. Kd1 Ke5 50. Nc3 Ra1+ 51. Ke2 Bh4 52. Rh7 Re1+ 53.
Kd2 Rh1 54. Rh5+ Kf4 55. Nd5+ Kg3 56. Rf5 Kh3 57. Ke3 Re1+ 58. Kd2 Rb1 59. Nc3
Re1 60. Rf4 e3+ 61. Kd3 Bf2 62. Rf6 Rc1 63. Ne2 Rd1+ 64. Ke4 Kg2 65. Nf4+ Kf1
66. Kf3 e2 67. Nxe2 Rd3+ 68. Ke4 Re3+ 69. Kd5 Kxe2 70. Kxd6 Rxb3 71. c5 Rd3+
72. Kc6 a4 73. Kb5 a3 74. Ra6 Rc3 75. c6 Bg3 76. Ra7 Kd2 77. Rd7+ Kc2 78. Ra7
Kb2 79. Kb4 Bd6+ 80. Kb5 a2 0-1

[Event "PERLA BALTYKU"]
[Site "Lazy"]
[Date "2013.07.07"]
[Round "8.6"]
[White "Nowicki, Bartosz"]
[Black "Zielinski, Wojciech"]
[Result "1-0"]
[WhiteElo "2157"]
[BlackElo "2145"]
[PlyCount "93"]
[EventDate "2013.??.??"]

1. e4 e6 2. d4 d5 3. Nd2 dxe4 4. Nxe4 Nf6 5. Nxf6+ Qxf6 6. Nf3 h6 7. Bd3 Bd7 8.
O-O Bd6 9. Re1 Bc6 10. Ne5 Bxe5 11. dxe5 Qe7 12. Qg4 Nd7 13. b4 a6 14. a4 Nb6
15. a5 Nd5 16. Bd2 h5 17. Qxg7 Kd7 18. Bg5 Qe8 19. Rad1 Rg8 20. Qh6 Rh8 21. Bh7
Kc8 22. c4 Ne7 23. Qg7 Kb8 24. Bxe7 Rxh7 25. Qxh7 Qxe7 26. Qxh5 Ka7 27. Qg4 Rh8
28. g3 Qxb4 29. Qg7 Rd8 30. Qxf7 Rd7 31. Qf4 Rd3 32. Rf1 Rxd1 33. Rxd1 Qxa5 34.
h4 Qa4 35. Rf1 Qc2 36. f3 a5 37. Rf2 Qb1+ 38. Kg2 b6 39. Qf7 Kb7 40. h5 a4 41.
Qg6 Qb3 42. Qg5 a3 43. Qd2 a2 44. Qxa2 Bxf3+ 45. Kh2 Qd1 46. Rxf3 Qxf3 47. Qg2
1-0

[Event "PERLA BALTYKU"]
[Site "Lazy"]
[Date "2013.07.07"]
[Round "8.7"]
[White "Jacek, Krystian"]
[Black "Adamowicz, Katarzyna"]
[Result "1-0"]
[WhiteElo "2139"]
[BlackElo "2104"]
[PlyCount "113"]
[EventDate "2013.??.??"]

1. e4 e5 2. Nf3 Nc6 3. Bb5 a6 4. Ba4 Nf6 5. O-O b5 6. Bb3 Be7 7. Re1 d6 8. c3
O-O 9. h3 Nb8 10. d4 Nbd7 11. Nbd2 Bb7 12. Bc2 Re8 13. b4 Bf8 14. a4 g6 15. Bb2
Bg7 16. Qb1 c6 17. Nb3 Qc7 18. Na5 Nb6 19. axb5 axb5 20. Bb3 Bc8 21. dxe5 dxe5
22. c4 bxc4 23. Nxc4 Rxa1 24. Qxa1 Nxc4 25. Bxc4 Nh5 26. Ng5 Rf8 27. Qa5 Qd6
28. Nxf7 Rxf7 29. Qa8 Qd7 30. Ra1 Qe8 31. Ra7 Bd7 32. Qxe8+ Bxe8 33. Bxf7+ Bxf7
34. Ra8+ Bf8 35. Bxe5 Ng7 36. Rc8 Ne8 37. Rxc6 Bxb4 38. Bd4 Ng7 39. Rc8+ Ne8
40. f4 Kf8 41. g4 Ke7 42. Rb8 Bd6 43. Rb7+ Bc7 44. Be5 Kd7 45. Bxc7 Nxc7 46. f5
gxf5 47. gxf5 Kc6 48. Rb8 Be8 49. Kf2 Kd6 50. Ke3 Ke5 51. Rb7 Kd6 52. Kf4 Kc6
53. Rb8 Kd7 54. Kg5 h5 55. Kf6 Kc6 56. Ke7 Bd7 57. Rd8 1-0

[Event "PERLA BALTYKU"]
[Site "Lazy"]
[Date "2013.07.07"]
[Round "8.8"]
[White "Stankiewicz, Pawel"]
[Black "Reza, Wojciech"]
[Result "1/2-1/2"]
[WhiteElo "2070"]
[BlackElo "2122"]
[PlyCount "47"]
[EventDate "2013.??.??"]

1. e4 c5 2. Nf3 d6 3. d4 cxd4 4. Nxd4 Nf6 5. Nc3 a6 6. Bg5 e6 7. f4 Qb6 8. Qd2
Qxb2 9. Rb1 Qa3 10. f5 Nc6 11. fxe6 fxe6 12. Nxc6 bxc6 13. e5 dxe5 14. Bxf6
gxf6 15. Ne4 Qxa2 16. Rd1 Be7 17. Be2 O-O 18. O-O f5 19. Qh6 Qxc2 20. Rd3 Qxe2
21. Rg3+ Kf7 22. Rxf5+ exf5 23. Rg7+ Ke8 24. Qxc6+ 1/2-1/2

[Event "PERLA BALTYKU"]
[Site "Lazy"]
[Date "2013.07.07"]
[Round "8.9"]
[White "Adamowicz, Maciej"]
[Black "Eggink, Mateusz"]
[Result "1-0"]
[WhiteElo "2036"]
[BlackElo "2044"]
[PlyCount "53"]
[EventDate "2013.??.??"]

1. c4 e5 2. g3 g6 3. Bg2 Bg7 4. Nc3 Nc6 5. Nf3 d6 6. O-O Nge7 7. d3 O-O 8. Rb1
f5 9. Bd2 Nd4 10. b4 Ne6 11. Qb3 Kh8 12. a4 h6 13. a5 g5 14. a6 c6 15. b5 f4
16. axb7 Bxb7 17. bxc6 Bxc6 18. Nd5 Nf5 19. g4 Nfd4 20. Qd1 Qd7 21. Bc3 Nc5 22.
h3 Na4 23. Ba1 Bxd5 24. cxd5 Rab8 25. Re1 Qc7 26. Rxb8 Rxb8 27. Nxd4 1-0

[Event "PERLA BALTYKU"]
[Site "Lazy"]
[Date "2013.07.07"]
[Round "8.10"]
[White "Jarmula, Pawel"]
[Black "Betkowski, Andrzej"]
[Result "1-0"]
[WhiteElo "2174"]
[BlackElo "2066"]
[PlyCount "102"]
[EventDate "2013.??.??"]

1. e4 e6 2. d4 d5 3. Nc3 Nc6 4. e5 f6 5. Bb5 Bd7 6. Nf3 Qe7 7. O-O Qf7 8. Re1
Nge7 9. Qe2 O-O-O 10. a3 Kb8 11. b4 fxe5 12. dxe5 h6 13. Bd3 g5 14. b5 Na5 15.
Bd2 g4 16. Nd4 c5 17. bxc6 Naxc6 18. Nxc6+ Nxc6 19. Nxd5 exd5 20. e6 Bxe6 21.
Qxe6 Qxe6 22. Rxe6 Nd4 23. Rg6 Bc5 24. Rxg4 h5 25. Rg5 h4 26. h3 Rhg8 27. Rxg8
Rxg8 28. Kf1 Rf8 29. f3 Kc7 30. a4 Kc6 31. Re1 Nxf3 32. gxf3 Rxf3+ 33. Ke2 Rxh3
34. Rf1 Rh2+ 35. Ke1 Bd4 36. Bf5 Be5 37. Bf4 Bxf4 38. Rxf4 b5 39. axb5+ Kxb5
40. Bd3+ Kb6 41. Kf1 h3 42. Rh4 a5 43. Kg1 Rg2+ 44. Kh1 Rg3 45. Kh2 Re3 46. Ra4
Rf3 47. Ra3 Rf4 48. Kxh3 Rf8 49. Kg3 Rf6 50. Rb3+ Kc6 51. Rb5 Rf7 1-0

[Event "PERLA BALTYKU"]
[Site "Lazy"]
[Date "2013.07.07"]
[Round "8.11"]
[White "Eggink, Ryszard"]
[Black "Nowak, Ryszard"]
[Result "1-0"]
[WhiteElo "2121"]
[BlackElo "2010"]
[PlyCount "105"]
[EventDate "2013.??.??"]

1. e4 c6 2. c4 d5 3. cxd5 cxd5 4. exd5 Nf6 5. Qa4+ Nbd7 6. Nc3 a6 7. Nf3 Rb8 8.
d4 b5 9. Qb3 g6 10. Bf4 Rb7 11. Ne5 Nb6 12. Nc6 Qd7 13. Na5 Nbxd5 14. Nxd5 Nxd5
15. Be5 f6 16. Nxb7 fxe5 17. Nc5 Qc6 18. Be2 exd4 19. O-O Nf4 20. Bf3 Qxc5 21.
Rac1 Qf5 22. Rfe1 Be6 23. Qb4 Bg7 24. Rc7 O-O 25. Qxe7 Bf7 26. Be4 Qe5 27. g3
Qxe7 28. Rxe7 Nh5 29. b3 Re8 30. Rxe8+ Bxe8 31. Bb7 Kf8 32. Bxa6 Bd7 33. Bb7 b4
34. Rc1 Bf5 35. f3 Bh6 36. f4 Nxf4 37. gxf4 Bxf4 38. Rc4 Be3+ 39. Kg2 d3 40.
Bf3 d2 41. Bd1 h5 42. h3 g5 43. Rxb4 g4 44. Kg3 Ke7 45. hxg4 hxg4 46. Rb5 Kf6
47. Rd5 Ke6 48. Rd8 Ke5 49. Re8+ Kd4 50. a4 Bh6 51. a5 Kc3 52. a6 Kb2 53. a7
1-0

[Event "PERLA BALTYKU"]
[Site "Lazy"]
[Date "2013.07.07"]
[Round "8.12"]
[White "Bednarska-Bzdega, Malgorzata"]
[Black "Poswiatowski, Michal"]
[Result "0-1"]
[WhiteElo "2115"]
[BlackElo "2067"]
[PlyCount "74"]
[EventDate "2013.??.??"]

1. e4 g6 2. d4 Bg7 3. Nc3 c5 4. Nf3 cxd4 5. Nxd4 Nc6 6. Be3 d6 7. h4 Nf6 8. Be2
h5 9. Qd2 Ne5 10. Bg5 Bd7 11. O-O-O Rc8 12. Kb1 a6 13. Rhf1 b5 14. f4 Neg4 15.
e5 dxe5 16. fxe5 Nxe5 17. Qf4 Ng8 18. Ne4 Qc7 19. Qe3 f5 20. Nc3 Qc5 21. Rd2
Nf6 22. Qg3 Neg4 23. Rfd1 b4 24. Bxf6 Bxf6 25. Nb3 Qe3 26. Qe1 bxc3 27. Rxd7
cxb2 28. R7d3 Qb6 29. Bxg4 hxg4 30. g3 Kf7 31. Qd2 Rc4 32. Rd7 Rhc8 33. h5 Rxc2
34. Qd5+ Kg7 35. h6+ Kxh6 36. Rh1+ Kg7 37. Rxe7+ Bxe7 0-1